K niektorým problémom prirodzených monopolov a k regulačnej politike v Slovenskej republike v najbližšom období

Prirodzený monopol, regulačná politika a jej základné rámce. Základné ciele regulačnej politiky v Slovenskej republike. Jej inštitucionálny a právny rámec. Sieťové odvetvia v ekonomike Slovenskej republiky a ich charakteristika. Základné rámve regulačnej politiky v Slovenskej republike na obdobie ro...

Description complète

Enregistré dans:
Détails bibliographiques
Auteur principal: Tokárová, Mária
Format: Chapitre de livre
Langue:slovaque
Sujets:
Tags: Ajouter un tag
Pas de tags, Soyez le premier à ajouter un tag!

MARC

LEADER 00000naa a2200000 4500
001 0142887
005 20240502072549.0
041 0 |a slo 
044 |a SK 
245 1 0 |a K niektorým problémom prirodzených monopolov a k regulačnej politike v Slovenskej republike v najbližšom období  |c Mária Tokárová 
520 |a Prirodzený monopol, regulačná politika a jej základné rámce. Základné ciele regulačnej politiky v Slovenskej republike. Jej inštitucionálny a právny rámec. Sieťové odvetvia v ekonomike Slovenskej republiky a ich charakteristika. Základné rámve regulačnej politiky v Slovenskej republike na obdobie rokov 2012-2016. 
610 2 0 |a monopoly prirodzené 
610 2 0 |a regulácia 
610 2 0 |a Slovensko 
610 2 0 |a politika 
610 2 0 |a konkurencia 
610 2 0 |a prostredie ekonomické 
100 1 |a Tokárová, Mária